[Event "SR 1. liga zapad 2015/2016"]
[Site "?"]
[Date "2016.03.20"]
[Round "11.6"]
[White "Kosar, Mikulas Ml"]
[Black "Miklas, Marian"]
[Result "1-0"]
[WhiteElo "1823"]
[BlackElo "2092"]
[PlyCount "85"]
[EventDate "2015.??.??"]

1. d4 Nf6 2. Nf3 g6 3. Bf4 Bg7 4. e3 O-O 5. Be2 d6 6. Nbd2 Nc6 7. c3 Nh5 8. Bg5
h6 9. Bh4 g5 10. Bg3 Nxg3 11. hxg3 e5 12. Qc2 exd4 13. exd4 Re8 14. Qd3 Ne7 15.
O-O-O Bf5 16. Qc4 c6 17. Qb3 b5 18. g4 Bg6 19. Ne1 Nd5 20. Bf3 Nf4 21. g3 Ne2+
22. Bxe2 Rxe2 23. f4 Be4 24. Nxe4 Rxe4 25. Rf1 Qf6 26. Ng2 Rae8 27. Rd2 d5 28.
Qd1 Bf8 29. fxg5 Qxg5 30. Qf3 Bd6 31. Qxf7+ Kh8 32. Nh4 Rg8 33. Rf5 Rg7 34.
Rxg5 Rxf7 35. Rg6 Bxg3 36. Rxh6+ Kg8 37. Kc2 Rxg4 38. Rg2 Rf2+ 39. Rxf2 Bxf2
40. Nf5 Rf4 41. Ne7+ Kf7 42. Nxc6 Rf6 43. Ne5+ 1-0

[Event "SR 1. liga zapad 2015/2016"]
[Site "?"]
[Date "2016.03.20"]
[Round "11.6"]
[White "Felcir, Jaroslav"]
[Black "Kosar, Mikulas St"]
[Result "1-0"]
[WhiteElo "2173"]
[BlackElo "1613"]
[PlyCount "35"]
[EventDate "2015.??.??"]

1. e4 e5 2. Nf3 Nf6 3. Nc3 d6 4. d4 Bg4 5. dxe5 Bxf3 6. gxf3 dxe5 7. Qxd8+ Kxd8
8. Rg1 c6 9. f4 Nbd7 10. fxe5 Nxe5 11. Be2 Ne8 12. Be3 Bd6 13. f4 Nd7 14. O-O-O
Ke7 15. e5 Bc7 16. Bg4 Rd8 17. Bxa7 Bb6 18. Rxd7+ 1-0

[Event "SR 1. liga zapad 2015/2016"]
[Site "?"]
[Date "2016.03.20"]
[Round "11.6"]
[White "Bott, Tamas"]
[Black "Puchart, Vladimir"]
[Result "0-1"]
[WhiteElo "1699"]
[BlackElo "2032"]
[PlyCount "38"]
[EventDate "2015.??.??"]

1. e4 c5 2. d4 cxd4 3. Qxd4 Nc6 4. Qd3 g6 5. Nc3 Bg7 6. a3 Nf6 7. Nf3 O-O 8.
Nd5 Nxd5 9. exd5 Ne5 10. Nxe5 Bxe5 11. h4 d6 12. c3 Qb6 13. f4 Bg7 14. h5 e6
15. hxg6 hxg6 16. Qh3 Re8 17. Qh7+ Kf8 18. dxe6 Bxe6 19. Kd1 Bb3+ 0-1

[Event "SR 1. liga zapad 2015/2016"]
[Site "?"]
[Date "2016.03.20"]
[Round "11.6"]
[White "Kolenak, Matus"]
[Black "Meszaros, Nikolas"]
[Result "1-0"]
[WhiteElo "1995"]
[BlackElo "1788"]
[PlyCount "103"]
[EventDate "2015.??.??"]

1. d4 d5 2. Nf3 Nf6 3. c4 Bf5 4. Nc3 e6 5. Bg5 Be7 6. e3 c6 7. Qb3 Qc8 8. Nh4
Bg6 9. Nxg6 hxg6 10. Be2 b6 11. Rc1 Bd6 12. h3 Nh7 13. Bf4 Bxf4 14. exf4 Qb7
15. Bf3 Nf6 16. O-O Nbd7 17. cxd5 cxd5 18. Nb5 O-O 19. Rc7 Qb8 20. Rfc1 a6 21.
Nd6 Ra7 22. Qc3 Rxc7 23. Qxc7 Qxc7 24. Rxc7 Rb8 25. g4 Kf8 26. Be2 Ra8 27. Rc6
b5 28. f3 Nb8 29. Rc7 Nfd7 30. Nb7 Ra7 31. Rc8+ Ke7 32. Na5 f6 33. Bd3 f5 34.
Kf2 Kf7 35. Ke3 Ke7 36. Kd2 Kf7 37. b4 Ke7 38. Bc2 Kd6 39. Rg8 Rc7 40. Rxg7
fxg4 41. hxg4 Nc6 42. Nxc6 Rxc6 43. Bd3 Nf8 44. Rf7 Rc8 45. a3 Nd7 46. Bxg6 Nb6
47. Bh7 Nc4+ 48. Kd3 Nb2+ 49. Kd2 Nc4+ 50. Ke2 Nb2 51. g5 Rc6 52. Kf2 1-0

[Event "SR 1. liga zapad 2015/2016"]
[Site "?"]
[Date "2015.10.24"]
[Round "1.8"]
[White "Hecko, Dusan"]
[Black "Szeko, Ludovit"]
[Result "1/2-1/2"]
[WhiteElo "2104"]
[BlackElo "2032"]
[Annotator "Fritz 12 (20s)"]
[PlyCount "119"]
[EventDate "2015.??.??"]

{A24: English Opening vs King's Indian: Lines without ...Nc6} 1. c4 Nf6 2. Nc3
g6 3. Nf3 Bg7 4. g3 O-O 5. Bg2 d6 6. O-O c6 7. d3 Nbd7 8. Bd2 e5 9. Rb1 {N} Qc7
10. b4 $14 a6 11. Qc2 Re8 12. Rfc1 Nf8 $11 13. a4 Ne6 14. e3 (14. a5) 14... Nd7
15. b5 (15. a5 Rb8 $14) 15... axb5 16. axb5 Ndc5 $11 17. bxc6 bxc6 18. Rb2 Bd7
19. Rcb1 Ra7 20. Ne1 h6 21. Ne4 Rea8 22. Bb4 Nxe4 23. Bxe4 f5 24. Bg2 Kh7 25.
Qd2 Ra1 26. Bc3 Rxb1 27. Rxb1 Rb8 28. Rxb8 Qxb8 29. Qb2 Qa7 30. Qb4 Qc7 31. h4
c5 32. Qa5 Qxa5 33. Bxa5 Bf6 34. Kf1 g5 35. hxg5 hxg5 36. Ke2 Kg6 37. Bd5 Be7
38. Nc2 Kf6 39. Na3 Ng7 40. Nb5 Ne8 41. Nc3 Kg6 42. f3 Nf6 43. Bb7 Kf7 44. Nd5
Nxd5 45. cxd5 Ba4 46. Bc8 Kf6 47. Be6 Be8 48. g4 fxg4 49. fxg4 Bb5 50. Bf5 Kf7
51. Kf3 Ba4 52. Ke4 Bc2 53. Kf3 Bb3 54. Be6+ Kf6 55. Ke2 Ba4 56. Kd2 Kg7 57.
Kc3 Kf8 58. Bf5 Ke8 59. Kc4 Bd8 60. Be1 1/2-1/2

[Event "SR 1. liga zapad 2015/2016"]
[Site "?"]
[Date "2015.10.25"]
[Round "2.8"]
[White "Vrba, Michal"]
[Black "Hecko, Dusan"]
[Result "0-1"]
[WhiteElo "1981"]
[BlackElo "2104"]
[Annotator "Fritz 12 (20s)"]
[PlyCount "74"]
[EventDate "2015.??.??"]

{B19: Classical Caro-Kann: 4...Bf5 main line} 1. e4 c6 2. d4 d5 3. Nc3 dxe4 4.
Nxe4 Bf5 5. Ng3 Bg6 6. Nf3 Nd7 7. h4 h6 8. h5 Bh7 9. Bd3 Bxd3 10. Qxd3 Qc7 11.
Qf5 {N} (11. Rh4 e6 $14 12. Bf4 Bd6 13. Bxd6 Qxd6 14. Ne4 Qe7 15. Qa3 Qxa3 16.
bxa3 Ke7 17. Rb1 Rb8 18. Nc5 Nxc5 19. dxc5 a5 20. Ne5 Nf6 21. Rd4 Rhc8 22. g4
Rc7) 11... e6 $11 12. Bf4 Bd6 13. Bxd6 Qxd6 14. Qa5 Ngf6 15. O-O-O O-O 16. Ne5
b6 17. Qc3 Rac8 18. f4 b5 19. f5 Nd5 20. Qe1 N7f6 21. Qf2 c5 22. Rhe1 $2 (22.
fxe6 fxe6 23. Ng6 Nxh5 $17) 22... cxd4 $2 (22... c4 $142 23. c3 b4 $19) 23.
Rxd4 Qb6 24. fxe6 fxe6 25. Ng6 $2 (25. Qd2 b4 $11) 25... Ng4 $2 (25... Nxh5
$142 26. Nxf8 Rxf8 $19) 26. Qd2 $11 Rf2 27. Re2 Rxe2 28. Nxe2 Ngf6 29. Nef4 Re8
30. c3 a5 31. Qe2 $4 (31. Nxd5 $142 exd5 32. Nf4 $14) 31... b4 $19 32. Qc4 $2 (
32. Rd3 $142 bxc3 33. bxc3 $19) 32... bxc3 33. bxc3 Rb8 34. Nxd5 Qb1+ 35. Kd2
Rb2+ 36. Ke3 Qe1+ 37. Kf3 (37. Kf4 Rf2+ 38. Kg3 Rf1+ 39. Kh2 Rh1#) 37... Qf2#
0-1

[Event "SR 1. liga zapad 2015/2016"]
[Site "?"]
[Date "2015.11.15"]
[Round "4.8"]
[White "Hecko, Dusan"]
[Black "Breja, Stanislav"]
[Result "1/2-1/2"]
[WhiteElo "2104"]
[BlackElo "1988"]
[Annotator "Fritz 12 (20s)"]
[PlyCount "88"]
[EventDate "2015.??.??"]

{A11: English Opening: 1...c6} 1. c4 c6 2. Nc3 d5 3. e3 Nf6 4. Nf3 Bg4 5. Qb3
b6 {N} (5... Qb6 6. Qxb6 axb6 7. cxd5 Bxf3 8. gxf3 Nxd5 9. Nxd5 cxd5 10. d4 e6
11. Bd2 Nc6 12. Bb5 Bd6 13. Ke2 Ke7 14. h3 Rhc8 15. f4 g6 $14) 6. cxd5 Bxf3 7.
gxf3 Nxd5 8. Nxd5 Qxd5 9. Qxd5 cxd5 10. Bb5+ Kd8 11. d4 e6 12. Bd2 Nd7 13. Ke2
Bd6 14. Rac1 Rc8 15. e4 dxe4 16. fxe4 $18 f6 17. f4 e5 18. fxe5 (18. dxe5 fxe5
19. fxe5 Bxe5 20. Rxc8+ Kxc8 21. Rc1+ Kd8 22. Rd1 Ke7 23. Bc3 Rd8 24. Rxd7+
Rxd7 25. Bxe5 $18) 18... fxe5 19. Rxc8+ Kxc8 20. Bxd7+ $2 (20. Rc1+ $142 Kd8
21. dxe5 Bxe5 22. Rd1 $18) 20... Kxd7 $14 21. d5 Be7 22. Rf1 Bf6 23. Rc1 Be7
24. Be3 Rf8 25. Rf1 Bf6 26. a4 Rc8 27. Kd3 Re8 28. Rf2 Rc8 29. b3 Rc7 30. Rc2 (
30. Rf5 $5 $16) 30... Rxc2 $14 31. Kxc2 g5 32. Kd3 Bd8 33. a5 h5 34. axb6 axb6
35. Kc4 Kc7 36. b4 Be7 (36... g4 $11) 37. Kb5 $16 Kb7 38. Bxb6 Bxb4 39. Be3 $4
(39. Bd8 $142 Bd6 (39... Bd2 40. Bf6 Kc7 41. Bxe5+) 40. Bxg5 $18) 39... Be7 $11
40. d6 Bxd6 41. Bxg5 Kc7 42. Be3 Be7 43. Bd2 Kd7 44. Bc3 Ke6 1/2-1/2

[Event "SR 1. liga zapad 2015/2016"]
[Site "?"]
[Date "2016.02.21"]
[Round "9.8"]
[White "Pinter, Patrik"]
[Black "Hecko, Dusan"]
[Result "0-1"]
[WhiteElo "2160"]
[BlackElo "2080"]
[Annotator "Fritz 12 (20s)"]
[PlyCount "182"]
[EventDate "2015.??.??"]

{B12: Caro-Kann: Advance Variation} 1. e4 c6 2. d4 d5 3. e5 Bf5 4. Nc3 e6 5.
Be3 Nd7 6. f4 {N} (6. Bd3 $5 Ne7 7. Nf3 $14) 6... h5 7. Nf3 g6 8. Be2 Nh6 9. h3
h4 10. Qd2 Be7 11. O-O Rc8 12. Bf2 a6 13. Rfc1 c5 14. Nd1 cxd4 15. Bxd4 Nc5 16.
b4 (16. c4 $142 $14) 16... Ne4 $17 17. Qe1 Ng3 18. c3 Be4 19. Ne3 Nhf5 (19...
Nh5 20. c4 Nxf4 21. cxd5 exd5 22. b5 $19) 20. a3 Nxe2+ 21. Qxe2 Bxf3 22. Qxf3
$15 Nxe3 23. Bxe3 Rc4 24. Bd4 Rh5 25. Rf1 Rf5 26. Qd3 Kf8 27. Kh1 Kg7 28. Rae1
Qd7 29. Qd1 Qc7 30. Rf3 Qc6 31. Rg1 Bd8 32. Rgf1 Bb6 33. Bxb6 Qxb6 34. Qe1 Qd8
35. Qe2 Qd7 36. Qe1 Rh5 37. Qd1 Qc7 38. Qd2 Re4 39. Re1 Qc4 40. Rxe4 Qxe4 41.
Qf2 $15 Qc4 42. Qd4 Qc6 43. Kh2 Rh8 44. Qf2 Qc7 45. a4 Qe7 46. Qd2 Rc8 47. a5
Rc4 48. Rd3 Qc7 49. Kh1 b6 50. axb6 $11 Qxb6 51. Rd4 Qc6 52. Rxc4 Qxc4 53. Kg1
Qe4 54. Qd4 Qe1+ 55. Kh2 Qg3+ 56. Kg1 $15 Kh6 57. Kf1 g5 58. fxg5+ (58. f5 $142
$11 g4 59. fxe6 fxe6 60. hxg4 Kg5 61. Qb6 Qf4+ $17) 58... Kxg5 $17 59. Kg1 Kf5
$19 60. Qa7 Qe1+ 61. Kh2 Qxe5+ 62. Kh1 Qxc3 63. Qxf7+ Qf6 64. Qh7+ Ke5 65. Qc7+
Kd4 66. Qb6+ Kc3 67. Qxa6 Kxb4 68. Qb6+ Kc3 69. Qa5+ Kd3 70. Qb5+ Ke3 71. Qb3+
Kf4 72. Qf3+ Kg5 73. Qe3+ Kg6 74. Qd3+ Kg7 75. Qe2 d4 76. Qg4+ Kh6 77. Qe2 e5
78. Kg1 Qf5 79. Qa6+ Kg5 80. Qc4 d3 81. Qg8+ Kf4 82. Qd8 Ke3 83. Qb6+ Ke2 84.
Qb5 Qf2+ 85. Kh1 Qe1+ 86. Kh2 Qg3+ 87. Kg1 Qe3+ 88. Kh1 Kf1 89. Qb1+ Qe1 90.
Qb6 d2 91. Qa6+ Kf2+ 0-1

[Event "SR 2. liga A 2002/2003"]
[Site "?"]
[Date "2002.10.12"]
[Round "1.1"]
[White "Banas, Jan"]
[Black "Duriga, Stefan"]
[Result "1/2-1/2"]
[WhiteElo "2365"]
[BlackElo "2221"]
[PlyCount "104"]
[EventDate "2002.??.??"]

1. c4 Nf6 2. Nc3 c5 3. Nf3 Nc6 4. d4 cxd4 5. Nxd4 Qb6 6. Nb3 e6 7. a3 d5 8.
cxd5 exd5 9. e3 Bg4 10. Be2 Bxe2 11. Nxe2 g6 12. Bd2 Bg7 13. Bc3 O-O 14. O-O
Rfd8 15. Nf4 d4 16. Nxd4 Ne4 17. Nfe2 Rac8 18. Qa4 Nxd4 19. Bxd4 Bxd4 20. Nxd4
Nd2 21. Rfd1 Qxb2 22. Qb4 Nc4 23. Qxb2 Nxb2 24. Rdb1 Nc4 25. Rxb7 Nxa3 26. g3
Nc2 27. Raxa7 Nxd4 28. exd4 Rf8 29. Kg2 Rcd8 30. Rd7 Rxd7 31. Rxd7 Ra8 32. h4
Ra3 33. g4 h6 34. f3 Ra2+ 35. Kg3 g5 36. Rd5 f6 37. Rd7 Rd2 38. d5 Kf8 39. h5
Kg8 40. d6 Kf8 41. Rd8+ Kf7 42. d7 Kg7 43. f4 Rd3+ 44. Kf2 gxf4 45. Ke2 Rd6 46.
Kf3 Rd4 47. Re8 Rxd7 48. Kxf4 Rd5 49. Re7+ Kg8 50. Rc7 Ra5 51. Rd7 Rb5 52. Ke4
Re5+ 1/2-1/2

[Event "SR 2. liga A 2002/2003"]
[Site "?"]
[Date "2002.10.12"]
[Round "1.1"]
[White "Bezuch, Martin"]
[Black "Tepper, Frantisek"]
[Result "0-1"]
[WhiteElo "2241"]
[BlackElo "2215"]
[PlyCount "80"]
[EventDate "2002.??.??"]

1. e4 Nc6 2. Nf3 e5 3. d4 exd4 4. Bc4 Bc5 5. O-O d6 6. c3 Qf6 7. Qb3 h6 8. cxd4
Bxd4 9. Nc3 Bxc3 10. bxc3 Nge7 11. Nd4 O-O 12. Be3 Na5 13. Qa4 Nxc4 14. Qxc4 c6
15. Rad1 d5 16. exd5 Nxd5 17. Bc1 Re8 18. Qb3 b6 19. c4 Nf4 20. Qf3 g5 21. Bxf4
gxf4 22. Qxc6 Qxc6 23. Nxc6 Bb7 24. Nd4 Re5 25. Rfe1 Rae8 26. Rxe5 Rxe5 27. Nf3
Re2 28. a3 Ra2 29. h4 Bxf3 30. gxf3 Rxa3 31. Rd4 Rxf3 32. Kf1 Ra3 33. Rxf4 Kg7
34. Ke2 Kg6 35. Kd2 f5 36. Rd4 Rh3 37. Ke2 Kh5 38. Rf4 Rxh4 39. Rxf5+ Kg6 40.
Rb5 Rxc4 0-1

[Event "SR 2. liga A 2002/2003"]
[Site "?"]
[Date "2002.10.12"]
[Round "1.1"]
[White "Cvicela, Anton"]
[Black "Matulik, Daniel"]
[Result "0-1"]
[WhiteElo "2140"]
[BlackElo "2161"]
[PlyCount "146"]
[EventDate "2002.??.??"]

1. e4 Nf6 2. e5 Nd5 3. d4 d6 4. c4 Nb6 5. f4 dxe5 6. fxe5 Nc6 7. Nf3 Bg4 8. Be3
e6 9. Be2 Bxf3 10. gxf3 Qh4+ 11. Bf2 Qf4 12. c5 Nd5 13. Qa4 Qc1+ 14. Qd1 Qxb2
15. Nd2 Nc3 16. Qc1 Qxc1+ 17. Rxc1 Nxe2 18. Kxe2 O-O-O 19. Nb3 Be7 20. Rhg1 g6
21. Rcd1 Rd7 22. Rd2 Rhd8 23. Rgd1 f6 24. f4 fxe5 25. fxe5 Nb4 26. Rf1 Rf8 27.
Be3 Nd5 28. Rxf8+ Bxf8 29. Rc2 Rf7 30. Bc1 Rf5 31. Nd2 Nf4+ 32. Kd1 Nd3 33. Ne4
Rf1+ 34. Ke2 Rxc1 35. Kxd3 Rxc2 36. Kxc2 Be7 37. Kd3 Kd7 38. Ke3 Ke8 39. Kf4
Kf7 40. h3 h6 41. Kg4 Ke8 42. Kf4 Kd7 43. Nc3 Bg5+ 44. Ke4 c6 45. Nd1 b5 46.
cxb6 axb6 47. Nb2 Kc7 48. Nd3 Bd2 49. Kf3 Bg5 50. Nf2 c5 51. dxc5 bxc5 52. Ke4
Kb6 53. Kd3 Kb5 54. Ne4 Be7 55. a4+ Kb4 56. Nd6 h5 57. a5 c4+ 58. Nxc4 Bc5 59.
Nd6 Kxa5 60. Ke4 Kb6 61. Ne8 Bf8 62. Nf6 Kc6 63. Kd4 Bg7 64. Ne8 Bh6 65. Nf6
Bf8 66. Nh7 Be7 67. Kc4 g5 68. Kd4 Kd7 69. Ke4 Ke8 70. Nf6+ Bxf6 71. exf6 Kf8
72. Kd4 Kf7 73. Ke5 h4 0-1

[Event "SR 2. liga A 2002/2003"]
[Site "?"]
[Date "2002.10.12"]
[Round "1.1"]
[White "Harasta, Vladimir"]
[Black "Bury, Rastislav"]
[Result "1-0"]
[WhiteElo "2190"]
[BlackElo "1984"]
[PlyCount "67"]
[EventDate "2002.??.??"]

1. c4 Nf6 2. Nc3 d5 3. cxd5 Nxd5 4. Nf3 g6 5. Qa4+ c6 6. Nxd5 Qxd5 7. e4 Qd8 8.
d4 Bg7 9. Be3 O-O 10. Be2 Nd7 11. O-O e5 12. Rad1 exd4 13. Bxd4 Qe7 14. Bxg7
Kxg7 15. Rfe1 Nf6 16. e5 Nd5 17. Bf1 Be6 18. a3 a5 19. h3 Qc7 20. Qh4 h6 21.
Bc4 Qd8 22. Qg3 Qe7 23. Nd4 Rad8 24. Kh2 Qc5 25. Ba2 Qb6 26. Bb1 Ne7 27. Qf4
Nd5 28. Qg3 Ne7 29. Qh4 c5 30. Qf6+ Kh7 31. Nxe6 Qxe6 32. Qxe6 fxe6 33. Rd6
Rxf2 34. Rxd8 1-0

[Event "SR 2. liga A 2002/2003"]
[Site "?"]
[Date "2002.10.12"]
[Round "1.1"]
[White "Jablonicky, Frantisek"]
[Black "Meszaros, Michal"]
[Result "0-1"]
[WhiteElo "2224"]
[BlackElo "2327"]
[PlyCount "66"]
[EventDate "2002.??.??"]

1. Nf3 g6 2. d4 Nf6 3. c4 Bg7 4. g3 O-O 5. Bg2 d6 6. Nc3 Nc6 7. O-O a6 8. h3
Rb8 9. a4 e5 10. a5 Nd7 11. e3 f5 12. Nd5 Nf6 13. b4 e4 14. Ne1 Nxd5 15. cxd5
Ne7 16. Qb3 Qe8 17. f3 Kh8 18. Qc4 exf3 19. Rxf3 Nxd5 20. Nd3 c6 21. Nf4 Be6
22. Nxe6 Qxe6 23. Bd2 Rbe8 24. Re1 Nf6 25. Qxe6 Rxe6 26. Rff1 d5 27. Kf2 Ne8
28. Ke2 Bxd4 29. Kd3 Bg7 30. g4 Nd6 31. Bc3 Bxc3 32. Kxc3 Rfe8 33. Kd3 Kg7 0-1

[Event "SR 2. liga A 2002/2003"]
[Site "?"]
[Date "2002.10.12"]
[Round "1.1"]
[White "Novak, Ivan"]
[Black "Kleman, Miroslav"]
[Result "1-0"]
[WhiteElo "2338"]
[BlackElo "2207"]
[PlyCount "191"]
[EventDate "2002.??.??"]

1. e4 e5 2. Nf3 Nc6 3. c3 Nf6 4. d3 Be7 5. Nbd2 h6 6. g3 O-O 7. Bg2 d5 8. O-O
dxe4 9. dxe4 Be6 10. Qe2 Qd7 11. Nc4 Bg4 12. Ne3 Rfd8 13. Re1 Be6 14. Nh4 Qd3
15. Qf3 Nh7 16. Nd5 Qxf3 17. Nxe7+ Nxe7 18. Nxf3 f6 19. Bf1 Ng5 20. Nh4 Nh3+
21. Kg2 Ng5 22. f3 Rd6 23. Be2 Rad8 24. Kf2 Nh3+ 25. Kf1 Ng5 26. Be3 b6 27. Bd1
Bc4+ 28. Kf2 a5 29. Bb3 Bxb3 30. axb3 Kf7 31. Ng2 Ke6 32. Ke2 Rd3 33. h4 Nf7
34. f4 Nc6 35. g4 R3d7 36. f5+ Ke7 37. Rg1 Nd6 38. Kf3 Kf7 39. g5 hxg5 40. hxg5
Rh8 41. Rh1 Rdd8 42. g6+ Ke7 43. Rag1 Nb7 44. Ne1 Nb8 45. Rh7 Rhg8 46. Ke2 Nd6
47. Rg4 Nd7 48. Nf3 Rb8 49. Nd2 Ra8 50. Nf1 a4 51. b4 Nc4 52. Bc1 b5 53. Ng3
Nf8 54. Rh1 Nd7 55. Rgh4 Rad8 56. Rh7 Nf8 57. R7h4 Nd7 58. Rh7 Nf8 59. Rh8 Nd7
60. Rxg8 Rxg8 61. Rh7 Nf8 62. Rh4 Nd7 63. Nh1 Kf8 64. Nf2 Ke7 65. Ng4 Kd6 66.
Rh7 Nf8 67. Rxg7 Rxg7 68. Bh6 Nxg6 69. Bxg7 Nf4+ 70. Kd1 Nxb2+ 71. Kc2 Nh5 72.
Kxb2 Nxg7 73. Nxf6 c6 74. Ng4 Nh5 75. Ka3 Ng3 76. Nf2 Ke7 77. c4 Kf6 78. Ng4+
Kg5 79. Nxe5 Nxe4 80. c5 Nxc5 81. bxc5 Kxf5 82. Nxc6 Ke6 83. Nb4 Kd7 84. Kb2
Kc7 85. Kc3 Kb7 86. Kd4 Kc7 87. Kd5 a3 88. Na2 Kb7 89. c6+ Kc7 90. Kc5 b4 91.
Nxb4 Kc8 92. Kd6 Kd8 93. c7+ Kc8 94. Nd5 a2 95. Ne7+ Kb7 96. c8=Q+ 1-0

[Event "SR 2. liga A 2002/2003"]
[Site "?"]
[Date "2002.10.12"]
[Round "1.2"]
[White "Chovanec, Vladimir"]
[Black "Sochna, D."]
[Result "0-1"]
[WhiteElo "2057"]
[BlackElo "2223"]
[PlyCount "90"]
[EventDate "2002.??.??"]

1. e4 c5 2. Nf3 d6 3. c3 Nf6 4. Be2 Nbd7 5. d3 e5 6. O-O Be7 7. Nbd2 d5 8. exd5
Nxd5 9. d4 exd4 10. cxd4 O-O 11. Ne4 cxd4 12. Nxd4 N7f6 13. Bf3 Qb6 14. Nb3 Rd8
15. Qe2 Bf5 16. Bd2 a5 17. Nc3 Bb4 18. Rfe1 h6 19. Bxd5 Nxd5 20. Qf3 Be6 21.
Na4 Qb5 22. Nc3 Nxc3 23. bxc3 Bxb3 24. cxb4 Rxd2 25. axb3 Qxb4 26. Re4 Qd6 27.
Rae1 Rf8 28. Re7 b6 29. R7e3 Qd5 30. g3 Qxf3 31. Rxf3 Rfd8 32. Re7 f6 33. Rb7
R2d6 34. Rc3 R8d7 35. Rc8+ Kf7 36. Rbb8 Ke6 37. Re8+ Kd5 38. Rec8 Rc6 39. Re8
Kc5 40. Re3 Kb4 41. Rbe8 Rc3 42. R8e4+ Kxb3 43. Re1 Kb2 44. Re7 Rxe7 45. Rxe7
a4 0-1

[Event "SR 2. liga A 2002/2003"]
[Site "?"]
[Date "2002.10.12"]
[Round "1.2"]
[White "Dorica, Igor"]
[Black "Smolen, Jan"]
[Result "1/2-1/2"]
[WhiteElo "2263"]
[BlackElo "2137"]
[PlyCount "84"]
[EventDate "2002.??.??"]

1. d4 d5 2. c4 e6 3. Nc3 Nf6 4. Bg5 Be7 5. Nf3 Nbd7 6. e3 O-O 7. Bd3 h6 8. Bh4
dxc4 9. Bxc4 b6 10. O-O Bb7 11. Bd3 c5 12. Qe2 cxd4 13. exd4 Nd5 14. Bg3 Nxc3
15. bxc3 Nf6 16. Ne5 Rc8 17. Rac1 Qd5 18. f3 Rxc3 19. Bc4 Rxc1 20. Bxd5 Rxf1+
21. Qxf1 Nxd5 22. Qb5 Rc8 23. h4 Nf6 24. Kf2 Bd6 25. Nd3 Bxg3+ 26. Kxg3 Rd8 27.
Qa4 a6 28. Ne5 Nd5 29. h5 Ne3 30. Kf2 Nf5 31. g4 Nxd4 32. Qb4 Nc6 33. Nxc6 Bxc6
34. Qxb6 Rc8 35. Qxa6 Rc7 36. a4 Bd5 37. Qa5 Rc2+ 38. Ke3 Rb2 39. f4 Rg2 40. g5
Rg3+ 41. Kd4 Rg4 42. Ke3 Rg3+ 1/2-1/2

[Event "SR 2. liga A 2002/2003"]
[Site "?"]
[Date "2002.10.12"]
[Round "1.2"]
[White "Janos, Martin"]
[Black "Krajnak, Robert"]
[Result "0-1"]
[WhiteElo "2175"]
[BlackElo "2175"]
[PlyCount "106"]
[EventDate "2002.??.??"]

1. d4 Nf6 2. e3 e6 3. Bd3 Be7 4. f4 c5 5. Nf3 b6 6. O-O O-O 7. Nbd2 Ba6 8. Bxa6
Nxa6 9. Qe2 Nb4 10. c3 Nc6 11. Ne5 Rc8 12. Kh1 Qc7 13. Nef3 Qb7 14. b3 cxd4 15.
exd4 Nd5 16. Nb1 b5 17. c4 bxc4 18. bxc4 Qa6 19. f5 Bf6 20. Na3 Nxd4 21. Nxd4
Bxd4 22. Bb2 Bxb2 23. Qxb2 Ne3 24. Rfc1 Nxf5 25. Nb5 Rc5 26. Qd2 d5 27. a4 Rfc8
28. Qf2 Nd6 29. Qg3 Nxb5 30. axb5 Rxc4 31. Qe1 Qxb5 32. Rcb1 Qc5 33. Qf1 h5 34.
h3 Rc2 35. Re1 Qf2 36. Qxf2 Rxf2 37. Rxa7 Rcc2 38. Rg1 h4 39. Rd7 g5 40. Rd8+
Kg7 41. Rd7 Kf6 42. Kh2 Rce2 43. Rf1 Ke5 44. Rg1 Ke4 45. Kh1 Ke3 46. Ra7 d4 47.
Ra3+ Kf4 48. Ra4 e5 49. Ra7 f5 50. Ra4 Kg3 51. Rd1 Rxg2 52. Ra3+ Re3 53. Rf1
Rge2 0-1

[Event "SR 2. liga A 2002/2003"]
[Site "?"]
[Date "2002.10.12"]
[Round "1.2"]
[White "Kundrik, Peter"]
[Black "Lahucky, Pavol"]
[Result "1-0"]
[WhiteElo "2135"]
[BlackElo "2168"]
[PlyCount "113"]
[EventDate "2002.??.??"]

1. e4 e5 2. Nf3 Nc6 3. Bb5 Nf6 4. O-O d6 5. d4 exd4 6. Nxd4 Bd7 7. Nc3 Nxd4 8.
Bxd7+ Qxd7 9. Qxd4 b6 10. e5 dxe5 11. Qxe5+ Qe6 12. Qxc7 Bc5 13. Bf4 O-O 14.
Qe5 Qc6 15. Bg5 Rae8 16. Qf5 Ne4 17. Nxe4 Rxe4 18. Rae1 Ree8 19. Bf4 b5 20. c3
Qb6 21. Re5 Rxe5 22. Bxe5 Rd8 23. b4 Bf8 24. Bd4 Qb8 25. Re1 Bxb4 26. Bxg7 Kxg7
27. Qg5+ Kf8 28. cxb4 Qb6 29. Qe7+ Kg7 30. Qg5+ Kf8 31. h3 a6 32. Re3 Rd1+ 33.
Kh2 Qd6+ 34. Rg3 Rd3 35. Qg8+ Ke7 36. Qxh7 Rxg3 37. Qe4+ Kf8 38. fxg3 Qd2 39.
a3 Qh6 40. Qf4 Qb6 41. Qg5 Qe6 42. h4 f6 43. Qh6+ Kf7 44. Qh7+ Kf8 45. Qg6 Qe5
46. h5 Qe6 47. h6 Qf7 48. Qxf7+ Kxf7 49. Kh3 Kg6 50. Kg4 Kxh6 51. Kf5 Kg7 52.
g4 Kf7 53. g5 fxg5 54. Kxg5 Ke6 55. Kh5 Kd5 56. g4 Ke4 57. g5 1-0

[Event "SR 2. liga A 2002/2003"]
[Site "?"]
[Date "2002.10.12"]
[Round "1.2"]
[White "Machalova, Maria"]
[Black "Felcir, Jaroslav"]
[Result "1-0"]
[WhiteElo "2134"]
[BlackElo "2216"]
[PlyCount "61"]
[EventDate "2002.??.??"]

1. c4 e5 2. Nc3 Nf6 3. g3 d5 4. cxd5 Nxd5 5. Bg2 Nb6 6. Nf3 Nc6 7. d3 Be7 8.
O-O O-O 9. Bd2 Bg4 10. h3 Be6 11. Rc1 f5 12. a3 a5 13. Na4 e4 14. Nxb6 exf3 15.
Nxa8 fxg2 16. Kxg2 Qxa8 17. Kh2 Bf6 18. Bc3 f4 19. Qa4 Qc8 20. gxf4 Bxh3 21.
Rg1 Be6 22. Rg3 Qe8 23. e3 Bxc3 24. bxc3 Qh5+ 25. Kg2 Bd5+ 26. f3 Ne5 27. e4
Nxd3 28. Rg1 Nxf4+ 29. Kf1 Bc6 30. Rxg7+ Kh8 31. Rg8+ 1-0

[Event "SR 2. liga A 2002/2003"]
[Site "?"]
[Date "2002.10.12"]
[Round "1.2"]
[White "Petreje, Juraj"]
[Black "Kantorik, Marian"]
[Result "0-1"]
[WhiteElo "2180"]
[BlackElo "2364"]
[PlyCount "126"]
[EventDate "2002.??.??"]

1. d4 f5 2. g3 g6 3. Bg2 Nf6 4. c4 Bg7 5. Nc3 O-O 6. Nf3 d6 7. O-O Qe8 8. Qb3
Kh8 9. d5 Na6 10. Be3 Nc5 11. Qc2 Bd7 12. Rad1 a5 13. Nd4 Ng4 14. Bc1 c6 15.
Rfe1 Rc8 16. Nb3 cxd5 17. Nxc5 Rxc5 18. Rxd5 Qc8 19. h3 Nf6 20. Rxc5 Qxc5 21.
Qd3 Bc6 22. Qe3 Qxc4 23. Qxe7 Bxg2 24. Kxg2 b5 25. Qxd6 b4 26. Na4 Qxa2 27. Nc5
Re8 28. Nd3 Qc4 29. Bd2 Ne4 30. Qd7 Qc8 31. Qxc8 Rxc8 32. Rc1 Rxc1 33. Bxc1 Kg8
34. f3 Nd6 35. Kf2 Kf7 36. Ke1 Ke6 37. Kd1 Kd5 38. Kc2 Nb5 39. e3 Kc4 40. b3+
Kd5 41. Nf4+ Kc6 42. Ne6 Be5 43. f4 Bd6 44. Ng5 h5 45. Nf7 Nc3 46. Bd2 Ne4 47.
Be1 Kd5 48. Nh8 g5 49. Nf7 g4 50. hxg4 fxg4 51. Nh6 Bf8 52. Nf5 Nc5 53. Nd4 Ke4
54. Nc6 Kxe3 55. Nxa5 Ke2 56. Bxb4 h4 57. gxh4 g3 58. Bc3 Ne6 59. f5 g2 60.
fxe6 g1=Q 61. Nc6 Bc5 62. b4 Qg6+ 63. Kb2 Qxe6 0-1

[Event "SR 2. liga A 2002/2003"]
[Site "?"]
[Date "2002.10.12"]
[Round "1.3"]
[White "Bisco, Igor"]
[Black "Abel, Peter"]
[Result "1/2-1/2"]
[WhiteElo "2120"]
[BlackElo "2218"]
[PlyCount "26"]
[EventDate "2002.??.??"]

1. e4 Nf6 2. e5 Nd5 3. d4 d6 4. exd6 cxd6 5. Bc4 Nb6 6. Bb3 d5 7. Nf3 Nc6 8. a4
a5 9. Nc3 Bg4 10. Nb5 Na7 11. Nxa7 Rxa7 12. O-O e6 13. c3 Bd6 1/2-1/2

[Event "SR 2. liga A 2002/2003"]
[Site "?"]
[Date "2002.10.12"]
[Round "1.3"]
[White "Horak, Ivan"]
[Black "Labar, Eduard"]
[Result "0-1"]
[WhiteElo "2198"]
[BlackElo "2049"]
[PlyCount "20"]
[EventDate "2002.??.??"]

1. e4 c6 2. d4 d5 3. Nd2 dxe4 4. Nxe4 Nf6 5. Ng3 Qc7 6. Nf3 Bg4 7. h3 Bxf3 8.
Qxf3 e6 9. Bd3 Bd6 10. Nh5 Qa5+ 0-1

[Event "SR 2. liga A 2002/2003"]
[Site "?"]
[Date "2002.10.12"]
[Round "1.3"]
[White "Janos, Ivan"]
[Black "Janos, Jozef"]
[Result "0-1"]
[WhiteElo "2137"]
[BlackElo "2185"]
[PlyCount "80"]
[EventDate "2002.??.??"]

1. e4 c5 2. Nf3 e6 3. d4 cxd4 4. Nxd4 a6 5. Bd3 Nf6 6. O-O d6 7. Nc3 Be7 8. Be3
O-O 9. f4 Qc7 10. Qf3 Nc6 11. Qg3 g6 12. f5 Ne5 13. Kh1 Bd7 14. Be2 b5 15. a3
Rac8 16. Bg5 Qd8 17. Qh3 Rxc3 18. bxc3 Nxe4 19. Bh6 Re8 20. fxe6 fxe6 21. Bg4
Nc5 22. Nxe6 Qc8 23. Nxc5 Bxg4 24. Qe3 Qxc5 25. Qxc5 dxc5 26. Rae1 Nf7 27. Bf4
Bd7 28. Rd1 Bf5 29. Rfe1 Kf8 30. Rd2 c4 31. Rf1 h5 32. Rdf2 Bxa3 33. Bc1 Bc5
34. Rf4 Re2 35. h3 Kg7 36. R4f3 h4 37. Rf4 Rxc2 38. Rxh4 Bd3 39. Rd1 Be2 40.
Re1 Bf2 0-1

[Event "SR 2. liga A 2002/2003"]
[Site "?"]
[Date "2002.10.12"]
[Round "1.3"]
[White "Kovacocy, Pavel"]
[Black "Faltan, Peter"]
[Result "1-0"]
[WhiteElo "2230"]
[BlackElo "2148"]
[PlyCount "25"]
[EventDate "2002.??.??"]

1. e4 e5 2. Nf3 Nc6 3. Nc3 Nf6 4. Bb5 Nd4 5. Nxe5 Qe7 6. f4 Nxb5 7. Nxb5 d6 8.
Nf3 Qxe4+ 9. Kf2 Qc6 10. Re1+ Be7 11. Qe2 Qd7 12. Qxe7+ Qxe7 13. Nxc7+ 1-0